Top Scorers/Most Capped Players for Portugal - Statistics

General Stats
  • This quiz has been taken 82 times
  • The average score is 11 of 20
Answer Stats
Place Goals Player % Correct
1 103 Cristiano Ronaldo
100%
1 173 Cristiano Ronaldo
100%
4 32 Luis Figo
83%
3 127 Luis Figo
83%
3 41 Eusebio
81%
4 113 Pepe
81%
8 24 Nani
65%
5 112 Nani
65%
7 26 Rui Costa
61%
8 94 Rui Costa
61%
2 47 Pauleta
57%
2 130 Joao Moutinho
56%
9 92 Rui Patricio
54%
10 89 Ricardo Carvalho
51%
5 29 Nuno Gomes
33%
6 27 Helder Postiga
28%
7 96 Bruno Alves
25%
9 23 Joao Pinto
18%
6 110 Fernando Couto
15%
10 22 Nene
13%
No matching quizzes found
Score Distribution
Percent of People with Each Score
Percentile by Number Answered
Your Score History
You have not taken this quiz